RASUKAN ANAK PATUNG / (Record no. 196682)

MARC details
000 -LEADER
fixed length control field 00939nam a2200277 i 4500
003 - CONTROL NUMBER IDENTIFIER
control field OSt
005 - DATE AND TIME OF LATEST TRANSACTION
control field 20240821102457.0
008 - FIXED-LENGTH DATA ELEMENTS--GENERAL INFORMATION
fixed length control field 160909s2016 my a d 000 f may d
020 ## - INTERNATIONAL STANDARD BOOK NUMBER
International Standard Book Number 9789672040019
Terms of availability RM 10.00
Qualifying information paperback
040 ## - CATALOGING SOURCE
Original cataloging agency PPAK
Language of cataloging eng
Transcribing agency PPAK
Description conventions rda
082 04 - DEWEY DECIMAL CLASSIFICATION NUMBER
Edition number 23
Classification number 899.2333
090 00 - LOCALLY ASSIGNED LC-TYPE CALL NUMBER (OCLC); LOCAL CALL NUMBER (RLIN)
Classification number (OCLC) (R) ; Classification number, CALL (RLIN) (NR) 899.2333
Feature heading AIN
Feature heading G
100 0# - MAIN ENTRY--PERSONAL NAME
Personal name Ain Maisarah,
Dates associated with a name 1982-
Relator term author.
245 10 - TITLE STATEMENT
Title RASUKAN ANAK PATUNG /
Statement of responsibility, etc. Ain Maisarah, Anaqi Ahmad ; Editor: Nurismaliza Ismail ; Ilustrator: Jajang
264 #1 - PRODUCTION, PUBLICATION, DISTRIBUTION, MANUFACTURE, AND COPYRIGHT NOTICE
Place of production, publication, distribution, manufacture Batu Caves, Selangor :
Name of producer, publisher, distributor, manufacturer BLINK BOOK SDN. BHD.,
Date of production, publication, distribution, manufacture, or copyright notice 2016
300 ## - PHYSICAL DESCRIPTION
Extent 106 pages :
Other physical details illustrations ;
Dimensions 19 cm
336 ## - CONTENT TYPE
Content type term text
Source rdacontent
337 ## - MEDIA TYPE
Media type term unmediated
Source rdamedia
338 ## - CARRIER TYPE
Carrier type term volume
Source rdacarrier
650 10 - SUBJECT ADDED ENTRY--TOPICAL TERM
Topical term or geographic name entry element Young adult fiction, Malay
Topical term or geographic name entry element Ghost stories, Malay
700 0# - ADDED ENTRY--PERSONAL NAME
Personal name Anaqi Ahmad,
Relator term author.
Personal name Nurismaliza Ismail,
Relator term editor.
Personal name Jajang,
Relator term illustrator.
942 ## - ADDED ENTRY ELEMENTS (KOHA)
Source of classification or shelving scheme Dewey Decimal Classification
Koha item type Book
Holdings
Withdrawn Not for loan Current library Shelving location Date acquired Total Checkouts Full call number Barcode Date last seen Koha item type
    T-PD26, Kg. Lubuk Batu, Jitra Pinjaman Dewasa 28/08/2024   899.2333 AIN A00748625 28/08/2024 Book